| Tag |
First Indicator |
Second Indicator |
Subfields |
| LEADER |
00000cam a2200000Ii 4500 |
| 001 |
in00003991621 |
| 006 |
m o d |
| 007 |
cr cnu|||unuuu |
| 008 |
180806s2018 miu ob 001 0 eng d |
| 005 |
20250816205205.2 |
| 020 |
|
|
|a 9780472123872
|q (electronic bk.)
|
| 020 |
|
|
|a 0472123874
|q (electronic bk.)
|
| 020 |
|
|
|z 9780472037308
|
| 020 |
|
|
|z 9780472130825
|
| 020 |
|
|
|z 0472037307
|
| 024 |
8 |
|
|a 99978301613
|
| 035 |
|
|
|a (NhCcYBP)ebc5477695
|
| 040 |
|
|
|a NhCcYBP
|c NhCcYBP
|d UtOrBLW
|
| 050 |
|
4 |
|a JK1025
|b .E83 2018
|
| 072 |
|
7 |
|a POL
|x 006000
|2 bisacsh
|
| 082 |
0 |
4 |
|a 328.73
|2 23
|
| 100 |
1 |
|
|a Evans, C. Lawrence,
|d 1958-
|e author.
|0 http://id.loc.gov/authorities/names/n91053613
|
| 245 |
1 |
4 |
|a The Whips :
|b building party coalitions in Congress /
|c C. Lawrence Evans.
|
| 264 |
|
1 |
|a Ann Arbor :
|b University of Michigan Press,
|c 2018.
|
| 300 |
|
|
|a 1 online resource.
|
| 336 |
|
|
|a text
|b txt
|2 rdacontent
|
| 337 |
|
|
|a computer
|b c
|2 rdamedia
|
| 338 |
|
|
|a online resource
|b cr
|2 rdacarrier
|
| 490 |
1 |
|
|a Legislative politics & policy making
|
| 504 |
|
|
|a Includes bibliographical references and index.
|
| 588 |
0 |
|
|a Online resource; title from PDF title page (Ebsco, viewed August 9, 2018).
|
| 505 |
0 |
|
|a Cover; Half-title; Title page; Copyright; Dedication; Contents; List of Figures; List of Tables; Preface; Introduction; One Origins and Operations; Two Behavioral Foundations of the Whip Process; Three When to Whip; Four Growing the Vote; Five The Textbook Congress, 1955-72; Six Coalitions Built in Sand, 1973-82; Seven The Turn to Partisanship, 1983-94; Eight The Republican House, 1995-2002; Nine Whips in the Senate; Ten Epilogue and Implications; Appendix: Archival and Other Sources; Notes; Bibliography; Index
|
| 500 |
|
|
|a Electronic resource.
|
| 610 |
1 |
0 |
|a United States.
|b Congress.
|0 http://id.loc.gov/authorities/names/n79006865
|
| 650 |
|
0 |
|a Coalitions.
|0 http://id.loc.gov/authorities/subjects/sh85027419
|
| 655 |
|
7 |
|a Electronic books.
|2 local
|
| 710 |
2 |
|
|a ProQuest (Firm)
|0 http://id.loc.gov/authorities/names/n2007068018
|
| 776 |
1 |
8 |
|c Original
|z 0472037307
|z 9780472037308
|
| 830 |
|
0 |
|a Legislative politics & policy making.
|0 http://id.loc.gov/authorities/names/no2012053465
|
| 856 |
4 |
0 |
|u https://ebookcentral.proquest.com/lib/tamucs/detail.action?docID=5477695
|z Connect to the full text of this electronic book
|t 0
|
| 955 |
|
|
|a YBP purchased firm e-records
|
| 980 |
|
|
|b 85.00
|g 1
|
| 987 |
|
|
|a ybp15615860
|
| 999 |
f |
f |
|s a57d5bcb-9430-3421-b4ca-288d267983eb
|i c40d79d9-150f-3da9-b598-1ede3037d064
|t 0
|
| 952 |
f |
f |
|a Texas A&M University
|b College Station
|c Electronic Resources
|d Available Online
|t 0
|e JK1025 .E83 2018
|h Library of Congress classification
|
| 998 |
f |
f |
|a JK1025 .E83 2018
|t 0
|l Available Online
|